[Event "1. OEsterreichische Internet Schach Meisterschaft - Vorrunde 2"]
[Site "Online - Playchess.com"]
[Date ""]
[Round "6"]
[Board "93"]
[White "Dilly, Julian"]
[Black "Gall, Bernhard"]
[Result "1-0"]
[WhiteElo "1502"]
[BlackElo "1244"]
[PlyCount "93"]
[EventDate "2020.04.13"]
[EventRounds "9"]
[EventCountry "AUT"]

1. Nf3 Nc6 2. g3 e5 3. d3 Nf6 4. Nbd2 d5 5. Bg2 Be7 6. O-O O-O 7. c4 d4 8. a3 Bd7
9. b4 a6 10. Ne1 Qc8 11. Ne4 Bh3 12. f4 Bxg2 13. Nxf6+ Bxf6 14. Kxg2 Re8 15. Nf3
exf4 16. Bxf4 Ne5 17. Nxd4 Qg4 18. Nf3 Nxf3 19. exf3 Qg6 20. Ra2 Rad8 21. Rd2 Be5
22. Bxe5 Rxe5 23. d4 Re7 24. Re1 Rxe1 25. Qxe1 f6 26. Qe4 Qxe4 27. fxe4 Kf7 28. Kf3
Rd7 29. Kf4 Rd8 30. h4 g6 31. g4 h6 32. g5 fxg5+ 33. hxg5 hxg5+ 34. Kxg5 Kg7 35.
e5 Rf8 36. Kg4 Rf5 37. Rd3 Kh6 38. Rh3+ Rh5 39. Rxh5+ gxh5+ 40. Kh4 Kg6 41. d5 Kf5
42. e6 Kf6 43. Kxh5 Ke7 44. Kg6 b6 45. a4 a5 46. b5 Ke8 47. Kf6  1-0

[Event "1. OEsterreichische Internet Schach Meisterschaft - Vorrunde 2"]
[Site "Online - Playchess.com"]
[Date ""]
[Round "6"]
[Board "95"]
[White "Klinglmair, Guenter"]
[Black "Dorner, Guenther"]
[Result "0-1"]
[WhiteElo "1483"]
[BlackElo "1787"]
[PlyCount "50"]
[EventDate "2020.04.13"]
[EventRounds "9"]
[EventCountry "AUT"]

1. Nf3 c5 2. g3 d5 3. Bg2 Nc6 4. O-O e5 5. d3 Nf6 6. Re1 Be7 7. Bg5 O-O 8. c3 Bg4
9. Bxf6 Bxf6 10. Nbd2 Re8 11. e4 d4 12. cxd4 cxd4 13. Rc1 Qd7 14. Qc2 Rac8 15. Qa4
a6 16. Nc4 b5 17. Qxa6 bxc4 18. Rxc4 Ne7 19. Rxc8 Rxc8 20. h3 Bxh3 21. Bxh3 Qxh3
22. Nh4 Bxh4 23. gxh4 Ng6 24. f3 Nf4 25. Rf1 Qg2#  0-1

[Event "1. OEsterreichische Internet Schach Meisterschaft - Vorrunde 2"]
[Site "Online - Playchess.com"]
[Date ""]
[Round "6"]
[Board "96"]
[White "Kellner, Nikolaus"]
[Black "Kaltenbeck, Dieter"]
[Result "1-0"]
[WhiteElo "1685"]
[BlackElo "1314"]
[PlyCount "85"]
[EventDate "2020.04.13"]
[EventRounds "9"]
[EventCountry "AUT"]

1. g4 g6 2. d4 Bg7 3. c4 b6 4. Bg2 c6 5. Nc3 Bb7 6. Nf3 Qc7 7. e4 d6 8. Bf4 Nd7 9.
Qd3 O-O-O 10. O-O Re8 11. b4 e5 12. dxe5 Nxe5 13. Bxe5 Bxe5 14. Nxe5 dxe5 15. b5
Rd8 16. Qe2 c5 17. Nd5 Bxd5 18. exd5 f6 19. a4 Nh6 20. Qe4 Qd6 21. f3 Nf7 22. h4
Rhg8 23. Rfe1 h5 24. a5 Kb7 25. axb6 axb6 26. Ra6 Rd7 27. Rea1 Qb8 28. Ra7+ Kc8 29.
Ra8 Kc7 30. Rxb8 Rxb8 31. Ra7+ Kc8 32. Rxd7 Kxd7 33. d6 Ra8 34. Qxa8 Nxd6 35. Qc6+
Ke6 36. f4 e4 37. f5+ gxf5 38. gxf5+ Kxf5 39. Qxd6 Kg4 40. Qh2 Kf5 41. Bh3+ Kg6 42.
Qg3+ Kf7 43. Qc7+  1-0

[Event "1. OEsterreichische Internet Schach Meisterschaft - Vorrunde 2"]
[Site "Online - Playchess.com"]
[Date ""]
[Round "6"]
[Board "97"]
[White "Bauer, Wolfgang"]
[Black "Ploeckinger, Paul"]
[Result "0-1"]
[WhiteElo "1526"]
[BlackElo "1334"]
[PlyCount "54"]
[EventDate "2020.04.13"]
[EventRounds "9"]
[EventCountry "AUT"]

1. d4 Nf6 2. Nf3 g6 3. e3 Bg7 4. c4 d5 5. Nc3 c6 6. Bd3 O-O 7. O-O Nbd7 8. Re1 Re8
9. e4 dxe4 10. Bxe4 Nxe4 11. Nxe4 Nb6 12. c5 Nd5 13. Nc3 Bg4 14. h3 Bxf3 15. Qxf3
Bxd4 16. Rd1 Bxc3 17. bxc3 Qa5 18. c4 Nf6 19. Be3 Rad8 20. Qe2 Ne4 21. Kf1 Nc3 22.
Qc2 Rxd1+ 23. Rxd1 Nxd1 24. Qxd1 Qxa2 25. g3 Qxc4+ 26. Kg2 Qd5+ 27. Kg1 Qxd1+  0-1

[Event "1. OEsterreichische Internet Schach Meisterschaft - Vorrunde 2"]
[Site "Online - Playchess.com"]
[Date ""]
[Round "6"]
[Board "98"]
[White "Moerzinger, Christian Jun."]
[Black "Lager, Johannes Jun."]
[Result "0-1"]
[WhiteElo "1638"]
[BlackElo "1722"]
[PlyCount "58"]
[EventDate "2020.04.13"]
[EventRounds "9"]
[EventCountry "AUT"]

1. e4 b6 2. Nf3 Bb7 3. d3 e6 4. g3 c5 5. Bg2 Nc6 6. O-O Be7 7. c3 d5 8. exd5 exd5
9. d4 Nf6 10. Ne5 O-O 11. Nxc6 Bxc6 12. Be3 Qc7 13. Nd2 Rfe8 14. Nf3 Ng4 15. Bf4
Bd6 16. Bxd6 Qxd6 17. h3 Nf6 18. Ne5 Bb7 19. Re1 Nd7 20. Nxd7 Qxd7 21. dxc5 bxc5
22. Rxe8+ Rxe8 23. c4 d4 24. Qd3 Bxg2 25. Kxg2 Qb7+ 26. Kh2 Qxb2 27. Qd1 Qxf2+ 28.
Kh1 Re2 29. Qg1 Qf3+  0-1

[Event "1. OEsterreichische Internet Schach Meisterschaft - Vorrunde 2"]
[Site "Online - Playchess.com"]
[Date ""]
[Round "6"]
[Board "99"]
[White "Kanzian, Heinz"]
[Black "Astner, Klaus"]
[Result "1-0"]
[WhiteElo "1642"]
[BlackElo "1409"]
[PlyCount "73"]
[EventDate "2020.04.13"]
[EventRounds "9"]
[EventCountry "AUT"]

1. e4 c6 2. Nc3 d5 3. exd5 cxd5 4. d4 Nf6 5. Be3 Nc6 6. Nf3 Bg4 7. Be2 e6 8. h3 Bxf3
9. Bxf3 Be7 10. O-O a6 11. Ne2 O-O 12. c3 b5 13. Ng3 e5 14. dxe5 Nxe5 15. Be2 Re8
16. Bd4 Nc4 17. Qc2 Ne4 18. Nf5 f6 19. Nxe7+ Rxe7 20. Bxc4 bxc4 21. f3 Ng5 22. Rfe1
Rb8 23. h4 Nf7 24. b3 cxb3 25. axb3 Rxe1+ 26. Rxe1 Nh6 27. b4 Nf5 28. Qxf5 Rc8 29.
Qe6+ Kh8 30. Qxa6 Ra8 31. Qb6 Qd7 32. Qc5 Rc8 33. Qe7 Qc6 34. Re6 Qa4 35. Kh1 h6
36. Rxf6 Qd1+ 37. Kh2  1-0

[Event "1. OEsterreichische Internet Schach Meisterschaft - Vorrunde 2"]
[Site "Online - Playchess.com"]
[Date ""]
[Round "7"]
[Board "1"]
[White "Platzgummer, Fabian"]
[Black "Poetz, Florian"]
[Result "1/2-1/2"]
[WhiteElo "2336"]
[BlackElo "2422"]
[PlyCount "146"]
[EventDate "2020.04.13"]
[EventRounds "9"]
[EventCountry "AUT"]

1. Nf3 d6 2. d4 Bg4 3. e4 Nf6 4. Nbd2 e6 5. Be2 Be7 6. O-O O-O 7. h3 Bh5 8. Re1 d5
9. e5 Nfd7 10. c3 c5 11. a3 Nc6 12. b4 cxd4 13. cxd4 Nb6 14. Bb2 a5 15. b5 Na7 16.
a4 Rc8 17. Qb3 Qd7 18. Rec1 Rxc1+ 19. Rxc1 Rc8 20. Nf1 Bxf3 21. Bxf3 Rxc1 22. Bxc1
Qc7 23. Bd2 Nc4 24. Bc3 Nc8 25. Ne3 N8b6 26. Be2 h6 27. Be1 Nxe3 28. fxe3 Qc1 29.
Qc3 Qxc3 30. Bxc3 Nxa4 31. Bxa5 Nb2 32. Bc3 Nc4 33. Kf2 Nb6 34. Kf3 f6 35. e4 dxe4+
36. Kxe4 Nd5 37. Bd2 f5+ 38. Kd3 g5 39. Bf3 Kf7 40. g4 fxg4 41. hxg4 Ba3 42. Ba5
Bf8 43. Be1 Ke8 44. Bd2 Kd7 45. Kc4 Nb6+ 46. Kb3 Nd5 47. Ba5 Be7 48. Kc4 Ne3+ 49.
Kd3 Nd5 50. Bd2 Bf8 51. Bd1 Kc7 52. Ba5+ Kd7 53. Ba4 Bb4 54. Bxb4 Nxb4+ 55. Ke4 Nd5
56. Bb3 Nc3+ 57. Kd3 Nxb5 58. Bc4 Nc7 59. Ke4 Ne8 60. Bb5+ Ke7 61. Bc4 Ng7 62. Be2
Ne8 63. Bf3 Nc7 64. Kd3 b6 65. Kc4 Kd7 66. Kb4 Kc8 67. Kc4 Kb8 68. Kb4 Ka7 69. Be4
Kb8 70. Bf3 Kc8 71. Be4 Kd7 72. Kc4 Kc8 73. Kb4 Kd7  1/2-1/2

[Event "1. OEsterreichische Internet Schach Meisterschaft - Vorrunde 2"]
[Site "Online - Playchess.com"]
[Date ""]
[Round "7"]
[Board "2"]
[White "Mostbauer, Florian"]
[Black "Ragger, Markus"]
[Result "0-1"]
[WhiteElo "2309"]
[BlackElo "2679"]
[PlyCount "110"]
[EventDate "2020.04.13"]
[EventRounds "9"]
[EventCountry "AUT"]

1. c4 e5 2. g3 Nc6 3. Bg2 Bc5 4. Nc3 d6 5. e3 a6 6. Nge2 h5 7. h4 f5 8. d4 Ba7 9.
dxe5 dxe5 10. Qxd8+ Nxd8 11. e4 c6 12. exf5 Bxf5 13. Be3 Bxe3 14. fxe3 Nf6 15. O-O
Bd3 16. b3 Ne6 17. Bh3 Ke7 18. Rfd1 Rad8 19. Rd2 Bxe2 20. Rxe2 Nc5 21. Bf5 a5 22.
Rf1 Rd6 23. Bc2 Rhd8 24. a3 Rd2 25. Rfe1 Rxe2 26. Rxe2 Ke6 27. b4 axb4 28. axb4 Na6
29. b5 Nc5 30. bxc6 bxc6 31. Na4 Nce4 32. Kg2 Rb8 33. Bxe4 Nxe4 34. Kf3 Kf5 35. Rb2
Rxb2 36. Nxb2 Nd2+ 37. Ke2 Nb3 38. Nd3 Na5 39. Nb4 c5 40. Nd3 Nxc4 41. Nxc5 Kg4 42.
Kd3 Nd6 43. Ne6 Kxg3 44. Nxg7 Kxh4 45. e4 Kg4 46. Ke3 h4 47. Ne6 h3 48. Kf2 Nxe4+
49. Kg1 Ng5 50. Nc5 e4 51. Nb3 e3 52. Nd4 Nf3+ 53. Nxf3 Kxf3 54. Kf1 e2+ 55. Ke1
h2  0-1

[Event "1. OEsterreichische Internet Schach Meisterschaft - Vorrunde 2"]
[Site "Online - Playchess.com"]
[Date ""]
[Round "7"]
[Board "3"]
[White "Shengelia, David"]
[Black "Schweda, Roland"]
[Result "1-0"]
[WhiteElo "2544"]
[BlackElo "2444"]
[PlyCount "129"]
[EventDate "2020.04.13"]
[EventRounds "9"]
[EventCountry "AUT"]

1. d4 Nf6 2. c4 d6 3. Nc3 Nbd7 4. g3 e5 5. Nf3 Be7 6. Bg2 O-O 7. O-O c6 8. Re1 Qc7
9. e4 a6 10. a4 a5 11. h3 b6 12. d5 c5 13. Nh4 g6 14. Bh6 Re8 15. f4 Nh5 16. Nf5
Bf8 17. Bxf8 Nxf8 18. Nb5 Qb8 19. Nfxd6 Re7 20. f5 Nxg3 21. Qg4 Nh5 22. Rf1 f6 23.
Qh4 Rg7 24. Ne8 Bd7 25. Nxg7 Kxg7 26. fxg6 hxg6 27. Bf3 Nf4 28. Bg4 Bxb5 29. axb5
Qd6 30. Rf2 Nh7 31. Qg3 Ng5 32. Qe3 Rh8 33. Rh2 Kf8 34. h4 Nf7 35. Rf1 Ke7 36. h5
gxh5 37. Bf5 h4 38. Kh1 Ng5 39. Rhf2 h3 40. Rxf4 exf4 41. Qxf4 Qxf4 42. Rxf4 Kd6
43. Bg6 Ke7 44. e5 fxe5 45. Rf5 Rg8 46. Rxg5 Kf6 47. Rg1 Rxg6 48. Rxg6+ Kxg6 49.
Kh2 e4 50. Kxh3 Kf6 51. Kg3 Ke5 52. Kf2 a4 53. Ke3 Kf5 54. Ke2 Ke5 55. Kf2 Kf6 56.
Kg3 Ke5 57. Kg4 Kd4 58. d6 e3 59. Kf3 Kd3 60. d7 e2 61. d8=Q+ Kxc4 62. Kxe2 Kxb5
63. Kd3 Ka5 64. Kc4 Ka6 65. Qa8#  1-0

[Event "1. OEsterreichische Internet Schach Meisterschaft - Vorrunde 2"]
[Site "Online - Playchess.com"]
[Date ""]
[Round "7"]
[Board "4"]
[White "Mostbauer, Maximilian"]
[Black "Froewis, Georg"]
[Result "0-1"]
[WhiteElo "2217"]
[BlackElo "2457"]
[PlyCount "104"]
[EventDate "2020.04.13"]
[EventRounds "9"]
[EventCountry "AUT"]

1. d4 e6 2. Nf3 Nf6 3. g3 b6 4. Bg2 Bb7 5. O-O g6 6. b3 Bg7 7. Bb2 O-O 8. Nbd2 d6
9. c4 Nbd7 10. Qc2 Qe7 11. e4 c5 12. d5 e5 13. Ne1 Nh5 14. Nd3 f5 15. f3 a6 16. Rae1
Ndf6 17. f4 fxe4 18. Nxe4 Nxe4 19. Rxe4 Nf6 20. Ree1 e4 21. Nf2 Rae8 22. Nxe4 Nxe4
23. Bxg7 Qxg7 24. Rxe4 Bc8 25. Qe2 Qd4+ 26. Rxd4 Rxe2 27. Re4 Rxa2 28. Rfe1 Bd7 29.
h4 Rb2 30. R1e3 b5 31. Bf1 b4 32. Be2 h5 33. Kf1 a5 34. Ke1 Ra2 35. Bd1 Ra1 36. Kd2
Ra2+ 37. Ke1 Kg7 38. Re2 Ra1 39. R2e3 Bg4 40. Rd3 Kf7 41. Ree3 Re8 42. Rxe8 Kxe8
43. Rd2 Kf7 44. Rd3 Ke8 45. Rd2 Kd7 46. Rd3 Kc7 47. Rd2 Kb6 48. Rd3 Ka6 49. Rd2 a4
50. bxa4 b3 51. Rb2 Rxd1+ 52. Kf2 Rd3  0-1

[Event "1. OEsterreichische Internet Schach Meisterschaft - Vorrunde 2"]
[Site "Online - Playchess.com"]
[Date ""]
[Round "7"]
[Board "5"]
[White "Leisch, Lukas"]
[Black "Brehovsky, Paul"]
[Result "1-0"]
[WhiteElo "2362"]
[BlackElo "2149"]
[PlyCount "155"]
[EventDate "2020.04.13"]
[EventRounds "9"]
[EventCountry "AUT"]

1. c4 e6 2. Nc3 d5 3. e3 Nf6 4. Nf3 c6 5. b3 Nbd7 6. Qc2 Be7 7. Bb2 O-O 8. Rg1 e5
9. cxd5 cxd5 10. Nb5 e4 11. Nfd4 Nc5 12. f4 a6 13. Nc3 Bd7 14. Be2 Rc8 15. g4 Ne8
16. g5 Nd6 17. Nxd5 Nd3+ 18. Bxd3 Rxc2 19. Bxc2 Bc6 20. Nxe7+ Qxe7 21. f5 Rc8 22.
f6 Qe8 23. fxg7 Bd7 24. O-O-O Nf5 25. Kb1 Nxd4 26. Bxd4 Bf5 27. Rc1 Qe6 28. Bd1 Rd8
29. Be2 Rxd4 30. exd4 e3+ 31. d3 Qd7 32. Rgf1 Bg6 33. Rf4 Kxg7 34. Rcf1 Qd6 35. h4
h5 36. gxh6+ Kxh6 37. h5 Bxh5 38. Rf6+ Qxf6 39. Rxf6+ Kg5 40. Bxh5 Kxf6 41. Kc1 Ke6
42. Bf3 b5 43. Kd1 f5 44. Ke2 f4 45. Be4 a5 46. a4 bxa4 47. bxa4 Kd6 48. Kf3 Ke6
49. Bc6 Kd6 50. Bb5 Kd5 51. Ke2 Kxd4 52. Bc6 Kc5 53. Be8 Kd4 54. Bh5 Kc3 55. Bf3
Kb4 56. Bc6 Kc5 57. Bb5 Kd4 58. Bc4 Kc3 59. Kf3 Kd4 60. Bb5 Ke5 61. d4+ Kxd4 62.
Kxf4 e2 63. Bxe2 Kc5 64. Bb5 Kb6 65. Ke4 Kc5 66. Kd3 Kb6 67. Kc4 Kc7 68. Kc5 Kb7
69. Kd6 Kb6 70. Kd5 Kc7 71. Kc5 Kb7 72. Bc4 Ka7 73. Kb5 Kb7 74. Kxa5 Ka7 75. Kb5
Kb7 76. Bd5+ Ka7 77. Bh1 Kb8 78. Kb6  1-0

[Event "1. OEsterreichische Internet Schach Meisterschaft - Vorrunde 2"]
[Site "Online - Playchess.com"]
[Date ""]
[Round "7"]
[Board "6"]
[White "Peyrer, Konstantin"]
[Black "Alvir, Aco"]
[Result "1/2-1/2"]
[WhiteElo "2265"]
[BlackElo "2355"]
[PlyCount "57"]
[EventDate "2020.04.13"]
[EventRounds "9"]
[EventCountry "AUT"]

1. e4 g6 2. h4 Bg7 3. h5 d5 4. exd5 Qxd5 5. Nc3 Qa5 6. Bc4 Nc6 7. Nf3 Nf6 8. hxg6
hxg6 9. Rxh8+ Bxh8 10. Qe2 Bg4 11. a3 Nd4 12. Qd3 Nxf3+ 13. gxf3 Qe5+ 14. Kd1 Bh5
15. Ne2 c6 16. Ng3 b5 17. Ba2 Rd8 18. Qe2 Qf4 19. Nxh5 Nxh5 20. d3 Qh2 21. a4 b4
22. c3 Nf4 23. Bxf4 Qxf4 24. Bb3 bxc3 25. bxc3 Bxc3 26. Rc1 Qb4 27. Qc2 Bf6 28. Qxc6+
Kf8 29. Qc4  1/2-1/2

[Event "1. OEsterreichische Internet Schach Meisterschaft - Vorrunde 2"]
[Site "Online - Playchess.com"]
[Date ""]
[Round "7"]
[Board "7"]
[White "Bauer, Sebastian"]
[Black "Baumegger, Siegfried"]
[Result "1/2-1/2"]
[WhiteElo "2237"]
[BlackElo "2441"]
[PlyCount "149"]
[EventDate "2020.04.13"]
[EventRounds "9"]
[EventCountry "AUT"]

1. e4 e5 2. Nf3 Nc6 3. Bb5 a6 4. Ba4 Nf6 5. O-O Be7 6. Re1 b6 7. d3 b5 8. Bb3 d6
9. a3 O-O 10. h3 Be6 11. Bxe6 fxe6 12. Nc3 Qe8 13. d4 exd4 14. Nxd4 Nxd4 15. Qxd4
e5 16. Qd3 Qg6 17. Nd5 Nxd5 18. Qxd5+ Kh8 19. Be3 Bg5 20. a4 Bxe3 21. Rxe3 b4 22.
Rae1 Qf7 23. Qxf7 Rxf7 24. f3 Kg8 25. Kf2 a5 26. Ke2 Kf8 27. Kd3 Ke7 28. Kc4 c6 29.
Rd3 Ke6 30. Red1 Rd7 31. Kb3 d5 32. Re1 Kf6 33. Rde3 Re8 34. g3 g5 35. Rh1 Kg6 36.
h4 h6 37. hxg5 hxg5 38. Rd1 Kf6 39. Rh1 Kg6 40. Rd1 d4 41. Red3 Rh8 42. Kc4 Rh2 43.
R1d2 Rxd2 44. Rxd2 Rf7 45. Rd3 g4 46. fxg4 Rf2 47. c3 bxc3 48. bxc3 Rc2 49. Kb3 Rxc3+
50. Rxc3 dxc3 51. Kxc3 Kg5 52. Kc4 Kxg4 53. Kc5 Kf3 54. Kb6 Kxe4 55. Kxa5 Kd5 56.
Kb6 e4 57. a5 e3 58. a6 e2 59. a7 e1=Q 60. a8=Q Qf2+ 61. Kc7 Qxg3+ 62. Kb6 Qf2+ 63.
Kc7 Qf4+ 64. Kb6 Qb4+ 65. Kc7 Qd6+ 66. Kb6 Qb4+ 67. Kc7 Qb5 68. Qg8+ Kc5 69. Qg1+
Kb4 70. Qb1+ Kc4 71. Qc2+ Kb4 72. Qb2+ Kc4 73. Qc2+ Kb4 74. Qxc6 Qxc6+ 75. Kxc6  1/2-1/2

[Event "1. OEsterreichische Internet Schach Meisterschaft - Vorrunde 2"]
[Site "Online - Playchess.com"]
[Date ""]
[Round "7"]
[Board "8"]
[White "Riemelmoser, Stefan"]
[Black "Neubauer, Martin"]
[Result "0-1"]
[WhiteElo "2046"]
[BlackElo "2421"]
[PlyCount "72"]
[EventDate "2020.04.13"]
[EventRounds "9"]
[EventCountry "AUT"]

1. e4 e5 2. Nf3 Nc6 3. Bb5 f5 4. d3 fxe4 5. dxe4 Nf6 6. O-O Bc5 7. Qd3 d6 8. Qc4
Bd7 9. Ng5 Qe7 10. Nc3 h6 11. Bxc6 bxc6 12. Nf3 Bb6 13. b4 Qf7 14. Qxf7+ Kxf7 15.
a4 a5 16. bxa5 Bxa5 17. Ne2 Nxe4 18. Be3 c5 19. Ng3 Nxg3 20. fxg3 Ke6 21. Nh4 Bc3
22. Ra3 Bb4 23. Raa1 Rxa4 24. Nf5 Rg8 25. Rad1 Ra2 26. Rf2 Bc6 27. Nh4 Be4 28. c4
Rxf2 29. Kxf2 Ra8 30. Nf3 Ra2+ 31. Nd2 Bc2 32. Rc1 Bd3 33. Rd1 Bxc4 34. Kf3 Bd5+
35. Ne4 Bxe4+ 36. Kxe4 Rxg2  0-1

[Event "1. OEsterreichische Internet Schach Meisterschaft - Vorrunde 2"]
[Site "Online - Playchess.com"]
[Date ""]
[Round "7"]
[Board "9"]
[White "Morgunov, Marc"]
[Black "Postl, Anton"]
[Result "1-0"]
[WhiteElo "2341"]
[BlackElo "2290"]
[PlyCount "69"]
[EventDate "2020.04.13"]
[EventRounds "9"]
[EventCountry "AUT"]

1. e4 c5 2. Nf3 d6 3. d3 Nc6 4. g3 g6 5. Bg2 Bg7 6. O-O e6 7. Re1 Nge7 8. c3 O-O
9. d4 Rb8 10. d5 exd5 11. exd5 Ne5 12. Nxe5 dxe5 13. Bg5 f6 14. Be3 b6 15. d6 Nf5
16. Na3 Nxd6 17. Qb3+ Kh8 18. Rad1 Qe7 19. Bxc5 Be6 20. Bxd6 Qxd6 21. Rxd6 Bxb3 22.
axb3 f5 23. Rd7 b5 24. b4 a5 25. bxa5 b4 26. cxb4 Rxb4 27. a6 e4 28. f3 Bxb2 29.
Nc2 Rc4 30. Ne3 Bd4 31. Kf1 Ra8 32. fxe4 Bxe3 33. Rxe3 Rxa6 34. exf5 gxf5 35. Re8#
 1-0

[Event "1. OEsterreichische Internet Schach Meisterschaft - Vorrunde 2"]
[Site "Online - Playchess.com"]
[Date ""]
[Round "7"]
[Board "10"]
[White "Enoeckl, Philipp"]
[Black "Pirker, Christian"]
[Result "1-0"]
[WhiteElo "2276"]
[BlackElo "2167"]
[PlyCount "139"]
[EventDate "2020.04.13"]
[EventRounds "9"]
[EventCountry "AUT"]

1. d4 Nf6 2. Bg5 d5 3. e3 e6 4. c4 Be7 5. Nc3 h6 6. Bh4 O-O 7. Nf3 b6 8. cxd5 Nxd5
9. Bxe7 Qxe7 10. Nxd5 exd5 11. Qb3 Be6 12. Rc1 c5 13. Qa3 Nd7 14. Bb5 Rfc8 15. O-O
Qf8 16. Bxd7 Bxd7 17. dxc5 bxc5 18. Rfd1 Be6 19. Rc3 Rc7 20. Rdc1 Rac8 21. Nd4 Bd7
22. h3 g6 23. Nb3 c4 24. Qxf8+ Kxf8 25. Nd4 Ke7 26. b3 Kd6 27. Kf1 cxb3 28. Rxc7
Rxc7 29. Rxc7 Kxc7 30. axb3 Kd6 31. Ke2 g5 32. Kd3 h5 33. Nf3 f6 34. Kd4 h4 35. Ne1
g4 36. hxg4 Bxg4 37. b4 Be2 38. Kc3 Bf1 39. Nf3 Bxg2 40. Nxh4 Bh3 41. Kd4 Bg4 42.
Ng6 Be6 43. Nf4 Bf7 44. Nd3 Be8 45. Nf4 Bf7 46. f3 Kc6 47. Kc3 Kd6 48. Ne2 Ke5 49.
Nd4 Kd6 50. Kb3 Be8 51. Kc3 Bd7 52. Kd3 Ke5 53. Ke2 f5 54. f4+ Ke4 55. Kd2 Ba4 56.
Ne2 Bd7 57. Nc3+ Kf3 58. Kd3 Bc6 59. Kd4 Bb7 60. Nb5 a6 61. Nd6 Bc6 62. Nxf5 Bd7
63. Ne7 Be6 64. Nxd5 Bd7 65. Nc7 Bc8 66. Ne8 Bb7 67. f5 Bc8 68. f6 Be6 69. Nd6 Kg4
70. f7  1-0

[Event "1. OEsterreichische Internet Schach Meisterschaft - Vorrunde 2"]
[Site "Online - Playchess.com"]
[Date ""]
[Round "7"]
[Board "11"]
[White "Gelbenegger, Patrick"]
[Black "Perhinig, Robert"]
[Result "1-0"]
[WhiteElo "2240"]
[BlackElo "2252"]
[PlyCount "85"]
[EventDate "2020.04.13"]
[EventRounds "9"]
[EventCountry "AUT"]

1. e4 e6 2. d4 d5 3. Nd2 Nf6 4. e5 Nfd7 5. Bd3 c5 6. c3 Nc6 7. Ne2 cxd4 8. cxd4 f6
9. Nf4 Nxd4 10. Qh5+ Ke7 11. exf6+ Nxf6 12. Ng6+ hxg6 13. Qxh8 Kf7 14. O-O e5 15.
Nb3 Nxb3 16. axb3 Bf5 17. Bxf5 gxf5 18. Bg5 Bc5 19. Qh4 Qb6 20. Rad1 d4 21. Qh3 Qe6
22. Rfe1 e4 23. Rc1 Bb6 24. Bxf6 Kxf6 25. g4 g6 26. gxf5 gxf5 27. Qh6+ Ke5 28. Qh4
Rg8+ 29. Kh1 Qf6 30. Qh5 Qg5 31. Qxg5 Rxg5 32. Rg1 Rxg1+ 33. Kxg1 f4 34. Kf1 d3 35.
Rc4 Bd4 36. h4 e3 37. fxe3 fxe3 38. h5 Ke4 39. h6 e2+ 40. Ke1 Ke3 41. Rxd4 Kxd4 42.
Kd2 Ke4 43. h7  1-0

[Event "1. OEsterreichische Internet Schach Meisterschaft - Vorrunde 2"]
[Site "Online - Playchess.com"]
[Date ""]
[Round "7"]
[Board "12"]
[White "Frank, Paul"]
[Black "Wiedermann, Daniel"]
[Result "1/2-1/2"]
[WhiteElo "2210"]
[BlackElo "2048"]
[PlyCount "63"]
[EventDate "2020.04.13"]
[EventRounds "9"]
[EventCountry "AUT"]

1. Nf3 Nf6 2. g3 g6 3. Bg2 Bg7 4. d4 O-O 5. O-O d6 6. c4 Nc6 7. h3 Rb8 8. Nc3 a6
9. e4 b5 10. e5 Nd7 11. cxb5 axb5 12. Ng5 dxe5 13. Bxc6 exd4 14. Ne2 h6 15. Nxf7
Rxf7 16. Bd5 Ne5 17. Bxf7+ Kxf7 18. Nf4 c5 19. b3 Bb7 20. f3 g5 21. Nd3 Qd5 22. Nxe5+
Qxe5 23. Kg2 Qd5 24. Bb2 e5 25. Qe2 Bc6 26. Rac1 Kg8 27. Kh2 Rf8 28. Qe4 Qd6 29.
Qd3 Qd5 30. Qe4 Qd6 31. Qd3 Qd5 32. Qe4  1/2-1/2

[Event "1. OEsterreichische Internet Schach Meisterschaft - Vorrunde 2"]
[Site "Online - Playchess.com"]
[Date ""]
[Round "7"]
[Board "13"]
[White "Schein, Karl-Heinz"]
[Black "Mittelberger, Peter"]
[Result "1-0"]
[WhiteElo "2187"]
[BlackElo "2176"]
[PlyCount "105"]
[EventDate "2020.04.13"]
[EventRounds "9"]
[EventCountry "AUT"]

1. e4 d6 2. d4 g6 3. Nf3 Bg7 4. c3 Nd7 5. Bc4 e6 6. O-O Ne7 7. Qe2 O-O 8. Rd1 c6
9. Nbd2 d5 10. Bb3 dxe4 11. Nxe4 Nd5 12. Bg5 Qc7 13. c4 N5f6 14. Rac1 Nxe4 15. Qxe4
b6 16. Bf4 Qd8 17. Qxc6 Ba6 18. Qe4 Nf6 19. Qe3 Bb7 20. Bg5 Qc7 21. Ne5 Rac8 22.
f3 Nd7 23. Ng4 h5 24. Nf2 Nf6 25. Bh6 Rfd8 26. Bxg7 Kxg7 27. Ne4 Qe7 28. Nxf6 Qxf6
29. Qe5 Ba6 30. Qxf6+ Kxf6 31. Kf2 Rd6 32. d5 e5 33. Ke3 Kg5 34. Ke4 f6 35. g3 h4
36. f4+ exf4 37. gxf4+ Kg4 38. Rg1+ Kh5 39. Kd4 Re8 40. Rce1 Rxe1 41. Rxe1 Kg4 42.
Re6 Rd8 43. Rxf6 Kh3 44. Rxg6 Kxh2 45. f5 h3 46. f6 Kh1 47. Bc2 Bc8 48. Be4+ Kh2
49. f7 Rf8 50. Rg7 Bd7 51. Ke5 Bg4 52. Rxg4 Re8+ 53. fxe8=Q  1-0

[Event "1. OEsterreichische Internet Schach Meisterschaft - Vorrunde 2"]
[Site "Online - Playchess.com"]
[Date ""]
[Round "7"]
[Board "14"]
[White "Schneider-Zinner, Harald"]
[Black "Hofmann, Thomas"]
[Result "0-1"]
[WhiteElo "2381"]
[BlackElo "2215"]
[PlyCount "118"]
[EventDate "2020.04.13"]
[EventRounds "9"]
[EventCountry "AUT"]

1. d4 Nf6 2. Nf3 e6 3. c4 d5 4. cxd5 exd5 5. Bf4 c6 6. e3 Bd6 7. Bg3 O-O 8. Bd3 Qc7
9. Nc3 Bg4 10. Qc2 Nbd7 11. Rc1 Bxg3 12. hxg3 h6 13. Bf5 Bxf5 14. Qxf5 Rae8 15. O-O
Qa5 16. Ne5 Re7 17. a3 Nxe5 18. dxe5 Nd7 19. f4 Qb6 20. Qd3 Nc5 21. Qd4 Nb3 22. Qxb6
axb6 23. Rcd1 b5 24. Kf2 Rfe8 25. Rfe1 Re6 26. Kf3 f6 27. exf6 Rxf6 28. Ne2 Nc5 29.
Nc3 Rfe6 30. Re2 Nb3 31. Rd3 Nc1 32. Red2 Nxd3 33. Rxd3 Kf7 34. Ne2 Ra8 35. Nd4 Re4
36. g4 Ra4 37. Nb3 Rac4 38. Na5 Rc2 39. Nxb7 Rxb2 40. Nd8+ Ke7 41. Nxc6+ Kd6 42.
Nb4 Rexb4 43. axb4 Rxb4 44. Ra3 Ra4 45. Rc3 b4 46. Rc8 Ra7 47. Rb8 Kc5 48. f5 Kc4
49. Kf4 Re7 50. Rc8+ Kb3 51. Rd8 Kc4 52. Rc8+ Kd3 53. f6 gxf6 54. Rb8 Re4+ 55. Kf5
Kxe3 56. Kxf6 Rxg4 57. Ke5 Rxg2 58. Rxb4 Rg5+ 59. Kf6 d4  0-1

[Event "1. OEsterreichische Internet Schach Meisterschaft - Vorrunde 2"]
[Site "Online - Playchess.com"]
[Date ""]
[Round "7"]
[Board "15"]
[White "Frank, Emanuel"]
[Black "Wohlfahrt, Herbert"]
[Result "0-1"]
[WhiteElo "2271"]
[BlackElo "2285"]
[PlyCount "86"]
[EventDate "2020.04.13"]
[EventRounds "9"]
[EventCountry "AUT"]

1. d4 Nf6 2. c4 e6 3. g3 d5 4. Nf3 c6 5. Bg2 b6 6. O-O Ba6 7. cxd5 exd5 8. Nc3 Be7
9. Qa4 O-O 10. Ne5 Bb7 11. Bf4 Nfd7 12. Rfd1 Nxe5 13. dxe5 Nd7 14. e4 Nc5 15. Qc2
d4 16. b4 Ne6 17. a3 Qc7 18. Ne2 c5 19. bxc5 bxc5 20. Rac1 Rac8 21. Qa4 Bc6 22. Qc4
Qb7 23. Rb1 Qa8 24. f3 a6 25. Bd2 Bb5 26. Rxb5 axb5 27. Qxb5 c4 28. f4 c3 29. Bc1
c2 30. Rf1 Rfd8 31. f5 Nc5 32. f6 Bf8 33. Nf4 d3 34. e6 fxe6 35. Bh3 Qc6 36. Qxc6
Rxc6 37. Bd2 gxf6 38. Nxe6 Rxe6 39. Rf2 Rxe4 40. Bg2 Re2 41. h3 Rxf2 42. Kxf2 Nb3
43. Ke3 Bh6+  0-1